Ibu,oh ibu

Bibliographic Details
Main Author: Inoue, Yasushi
Format: Book
Published: Kuala Lumpur : DBP , 1994
Subjects:

MARC

LEADER 00000cam a2200000 7i4500
001 0000003555
002 000003825
005 20000330.0
020 |a 9836240861 
090 0 0 |a F   |b INO 
100 1 |a Inoue, Yasushi 
245 1 0 |a Ibu,oh ibu   |c Yasushi Inoue penterjemah Fatimah Zainal 
260 |a Kuala Lumpur :   |b DBP ,   |c 1994 
300 |a 191 p. ;   |c 18 cm. 
650 0 0 |a Japanese fiction 
999 |a 037005   |b BUKU   |c PINJAMAN   |e PERPUSTAKAAN KOMUNITI PETALING JAYA 
999 |a 039489   |b BUKU   |c PINJAMAN   |e PERPUSTAKAAN KOMUNITI PETALING JAYA 
999 |a 039490   |b BUKU   |c PINJAMAN   |e PERPUSTAKAAN KOMUNITI PETALING JAYA